000 00264nam a2200109 a 4500
005 20200930070835.0
008 110926s1987 000 spa d
020 _a2865371865
245 0 _aAu temps des isles รก sucre.
260 _aParis,
_c1987.
999 _c33666
_d33666
040 _aDO-SdBNP